Statistiques concernant 1 marque par lettre

Cliquez ici pour prendre le quiz!

Statistiques générales

  • Ce quiz a été pris 155 fois
  • Le résultat moyen est 17 sur 26

Statistiques - réponses

HintRéponse% Correct
B : Groupe français connu pour ses stylosBic
99%
G : Moteur de recherche le plus populaire actuellementGoogle
92%
S : Marque vendait principalement des téléphones, TV et tablettesSamsung
91%
H : En un mot-----> BonbonHaribo
90%
C : Apparemment ce serait l'eau préféré des françaisCristaline
88%
T : Elon Musk dirige cette marque depuis 2008Tesla
87%
I : Marque de meuble suédoisIkea
86%
D : Société anglaise vendant notamment des aspirateursDyson
84%
P : Marque de pâtesPanzani
81%
Q : Chaîne de restauration rapide créée en BelgiqueQuick
80%
O : Soda à base d'eau, de sucre et de jus de fruit concentréOasis
79%
N : Entreprise qui est actuellement le plus grand équipementier sportif dans le monde avec un chiffre d'affaires de 32,4 milliards de dollarsNike
77%
J : Entreprise spécialisé dans l'univers du jardinJardiland
74%
Z : Principale marque de vêtements de mode pour enfants et pour adultes de la société espagnole InditexZara
71%
V : Cette marque signifie littéralement voiture du peupleVolkswagen
64%
E : Entreprise qui à vu le jour sous le nom de Eastern Canvas Products USA, Inc. en 1952 en fabriquant des sacs pour l'armée américaineEastpak
59%
L : Jouets d'origine danoiseLego
54%
U : Société de production cinématographique américaineUniversal Pictures
48%
M : C'est est une marque commerciale de crèmes glacées du groupe neérlando-britannique Unilever.Magnum
47%
Y : Marque du youtuber SqueezieYoko
46%
A : Marque d'ordinateur, son siège social est à TaïwanAcer
44%
K : Les célèbres biscuits enrobés de chocolatKitkat
43%
W : C'est le 1er groupe mondial de la grande distributionWalmart
39%
X : Marque vidéoludique créée et appartenant à MicrosoftXbox
38%
R : Son modèle phare Oyster existe depuis 1926Rolex
26%
F : Marque de jouets américaine créée en 1930 et filiale du groupe Mattel depuis 1993. Elle produit des jouets pour nouveau-nés et jeunes enfantsFisher Price
10%

Distribution des résultats

Percentile par nombre de réponses

% des personnes avec chaque résultat

Votre développement - résultats

Vous n’avez pas pris ce quiz